000 00587nam a2200241Ia 4500
003 OSt
005 20220918173149.0
006 a|||||r|||| 00| 0
007 ta
008 220917b |||||||| |||| 00| 0 eng d
024 _a5,434
037 _cTextual
040 _aARTS
_cARTS
_beng
041 _2eng
_aeng
082 _a2:8, K4;K9
100 _aMittal R L.
245 0 _aLibrary administration
_b Theory and practice
250 _a2nd
260 _c1964
650 _aLIBRARY SCIENCE
942 _h2:8, K4;K9
_cTEXL
_2CC
999 _c147466
_d147466